| 000 | 00583nam a2200133Ia 4500 | ||
|---|---|---|---|
| 008 | 171212s9999 xx 000 0 und d | ||
| 020 | _a9780833039897 | ||
| 100 | _aCecchine, Gary;Moore, Melinda | ||
| 245 |
_cCecchine, Gary;Moore, Melinda _aInfectious Disease and National Security _bStrategic Information Needs |
||
| 260 |
_bRAND Corporation _c2006 |
||
| 650 | _aCommunicable diseases -- United States; Communicable diseases; Epidemiology; National security -- United States; United States -- Defenses | ||
| 650 | _aHealth Sciences | ||
| 856 | _uwww.jstor.org/stable/10.7249/tr405osd | ||
| 999 |
_c352223 _d352223 |
||